Numbers / (Record no. 10233)
[ view plain ]
| 000 -LEADER | |
|---|---|
| fixed length control field | 01325cam a22003618i 4500 |
| 001 - CONTROL NUMBER | |
| control field | 22991640 |
| 003 - CONTROL NUMBER IDENTIFIER | |
| control field | GBCCL |
| 005 - DATE AND TIME OF LATEST TRANSACTION | |
| control field | 20241126110728.0 |
| 008 - FIXED-LENGTH DATA ELEMENTS--GENERAL INFORMATION | |
| fixed length control field | 230228s2023 miu b 001 0 eng |
| 010 ## - | |
| -- | 2023009233 |
| 020 ## - INTERNATIONAL STANDARD BOOK NUMBER | |
| International Standard Book Number | 9780801035746 |
| Qualifying information | (cloth) |
| 020 ## - INTERNATIONAL STANDARD BOOK NUMBER | |
| Canceled/invalid ISBN | 9781493439904 |
| Qualifying information | (ebook) |
| 020 ## - INTERNATIONAL STANDARD BOOK NUMBER | |
| Canceled/invalid ISBN | 9781493439911 |
| Qualifying information | (pdf) |
| 040 ## - CATALOGING SOURCE | |
| Original cataloging agency | DLC |
| Language of cataloging | eng |
| Description conventions | rda |
| Transcribing agency | DLC |
| Modifying agency | DLC |
| 042 ## - | |
| -- | pcc |
| 050 00 - | |
| -- | BS1265.53 |
| -- | .A93 2023 |
| 082 00 - DEWEY DECIMAL CLASSIFICATION NUMBER | |
| Classification number | 221.7 |
| -- | 222/.1407 |
| Edition information | 23/eng/20230518 |
| Item number | BAK |
| 100 1# - MAIN ENTRY--PERSONAL NAME | |
| Personal name | Awabdy, Mark A., |
| Dates associated with a name | 1981- |
| Relator term | author. |
| 9 (RLIN) | 17781 |
| 245 10 - TITLE STATEMENT | |
| Title | Numbers / |
| Statement of responsibility, etc. | Mark A. Awabdy. |
| 263 ## - PROJECTED PUBLICATION DATE | |
| Projected publication date | 2311 |
| 264 #1 - PRODUCTION, PUBLICATION, DISTRIBUTION, MANUFACTURE, AND COPYRIGHT NOTICE | |
| Place of production, publication, distribution, manufacture | Grand Rapids, Michigan : |
| Name of producer, publisher, distributor, manufacturer | Baker Academic, a division of Baker Publishing Group, |
| Date of production, publication, distribution, manufacture, or copyright notice | 2023. |
| 300 ## - PHYSICAL DESCRIPTION | |
| Extent | pages cm. |
| 336 ## - CONTENT TYPE | |
| Content type term | text |
| Content type code | txt |
| Source | rdacontent |
| 337 ## - MEDIA TYPE | |
| Media type term | unmediated |
| Media type code | n |
| Source | rdamedia |
| 338 ## - CARRIER TYPE | |
| Carrier type term | volume |
| Carrier type code | nc |
| Source | rdacarrier |
| 490 0# - SERIES STATEMENT | |
| Series statement | Baker commentary on the Old Testament: Pentateuch |
| 504 ## - BIBLIOGRAPHY, ETC. NOTE | |
| Bibliography, etc. note | Includes bibliographical references and index. |
| 520 ## - SUMMARY, ETC. | |
| Summary, etc. | "This substantive and useful commentary on the book of Numbers explores the contemporary significance of this biblical book"-- |
| Assigning source | Provided by publisher. |
| 630 00 - SUBJECT ADDED ENTRY--UNIFORM TITLE | |
| Uniform title | Bible. |
| Name of part/section of a work | Numbers |
| Form subdivision | Commentaries. |
| 9 (RLIN) | 742 |
| 906 ## - LOCAL DATA ELEMENT F, LDF (RLIN) | |
| a | 7 |
| b | cbc |
| c | orignew |
| d | 1 |
| e | ecip |
| f | 20 |
| g | y-gencatlg |
| 942 ## - ADDED ENTRY ELEMENTS (KOHA) | |
| Source of classification or shelving scheme | Dewey Decimal Classification |
| Koha item type | Reference Books |
| Withdrawn status | Lost status | Source of classification or shelving scheme | Damaged status | Not for loan | Home library | Current Library | Shelving location | Date acquired | Total checkouts | Full call number | Barcode | Date last seen | Copy number | Price effective from | Koha item type |
|---|---|---|---|---|---|---|---|---|---|---|---|---|---|---|---|
| Dewey Decimal Classification | GRACE BIBLE COLLEGE | GRACE BIBLE COLLEGE | Commentary | 2024-05-02 | 221.7 BAK | 016780 | 2025-05-01 | c.1 | 2024-05-02 | Reference Books |